Movies Quiz

Random Movies or Star Wars Quiz

Star Wars Blitz, Letter H Quiz Stats

 Plays Quiz not verified by Sporcle

Challenge
Share
Tweet
Embed
Score 0/15 Timer 02:00
0 Plays Today
Hint Answer % Correct
Luke actor MarkHamill
97.5%
Episode IV, A New _____Hope
94.5%
Ice Planet with rebel baseHoth
93%
Captain of the Millennium FalconHan Solo
93%
Solo actor FordHarrison
92.5%
Jabba speciesHutt
92%
Anakin actor ChristensenHayden
90.5%
What Obi-Wan finally held in Mustafar battle against AnakinHigh Ground
70.9%
Hint Answer % Correct
Lightspeed engineHyperdrive
66.8%
Manner of Leia's first appearance to LukeHologram
65.8%
Flying through this 'ain't like dustin' crops'Hyperspace
51.8%
Cause of Solo's blindnessHibernation sickness
34.7%
Tool Han urgently asked for to fix the HyperdriveHydrospanner
24.6%
Cowardly Neimoidian RuneHaako
24.1%
Luke's snowspeeder wingmanHobbie
15.6%

You're not logged in!

Compare scores with friends on all Sporcle quizzes.
Join for Free
OR
Log In

You Might Also Like...

Show Comments

Extras

Created Jul 14, 2017ReportNominate
Tags:Blitz Quiz, Star Wars Quiz

Top Quizzes Today


Score Distribution

Your Account Isn't Verified!

In order to create a playlist on Sporcle, you need to verify the email address you used during registration. Go to your Sporcle Settings to finish the process.

Report this User

Report this user for behavior that violates our Community Guidelines.

Details: